000
00267nam a22001217a 4500
003
SGT
082
_a
820
_b
N06R
100
_a
RAJAN, RADHA
245
_a
NGO'S ACTIVISTS & FOREIGN FUNDS
260
_b
VIGIL PUBLIC OPINION FORUM
_c
2006
300
_a
256
942
_2
ddc
_c
BK
999
_c
30897
_d
30897